000 01318cam a2200265 4500
008 040325n2004 000 0 eng u
020 _a1842191888
020 _a1842191831
022 _a1464-648X
035 _a(Sirsi) u125590
100 _aPryke, Stephen D.
245 _aTwenty-first century procurement strategies
_banalysing networks of inter-firm relationships
260 _aLondon
_bRICS Foundation
_c2004
490 _aRICS Foundation Research Papers
_v4(27)
520 _aThe paper deals with detailed case studies involving innovative procurement in both the private and public sectors. It identifies the shortcomings of existing means of analysing and representing procurement and project management and examines the use of Social Network Analysis (SNA) as an alternative approach. Bibliography. View at www.rics-foundation.org.
520 _aISBN 1842191831 incorrectly printed on inside cover.
650 _aPRIVATE SECTOR
650 _aPUBLIC SECTOR
650 _aPROCUREMENT STRATEGIES
650 _aCONSTRUCTION INDUSTRY
690 _aProcurement
_96260
710 _aRoyal Institution of Chartered Surveyors
_bFoundation
_94173
856 _uhttps://www.rics.org/site/scripts/download_info.aspx?downloadID=1532
_zView the research paper on the RICS Foundation website...
942 _n0
999 _c103438
_d103438